Perfect cover #31/ Carolyn Keene.
Available copies
- 2 of 2 copies available at LARL/NWRL Consortium.
- 1 of 1 copy available at Northwest Regional Library. (Show preferred library)
Current holds
0 current holds with 2 total copies.
Show Only Available Copies
| Location | Call Number / Copy Notes | Barcode | Shelving Location | Status | Due Date |
|---|---|---|---|---|---|
| Roseau Public Library | j pb (Text) | 35500004295711 | Main | Available | - |
| Breckenridge Public Library | J KEE (Text) | 33500009758921 | Main | Available | - |
Record details
- ISBN: 9781416955306
- ISBN: 1416955305
- Physical Description: 146 p. ; 20 cm.
- Edition: 1st Aladdin Paperbacks ed.
- Publisher: New York : Aladdin Paperbacks, 2008.
Content descriptions
| Summary, etc.: | George, Bess, and Nancy continue their ... Read More |
Search for related items by subject
| Subject: | Drew, Nancy (Fictitious character) > Fiction. Drew, Nancy (Fictitious character) > Juvenile fiction. Friendship > Fiction. |
| Genre: | Mystery fiction. |
Search for related items by series
| LDR | 01691cam a2200361Ia 4500 | ||
|---|---|---|---|
| 001 | 94144 | ||
| 003 | LARL_NWRL_CONSORTIUM | ||
| 005 | 20080806165506.0 | ||
| 008 | 071103s2008 nyu 000 1 eng d | ||
| 020 | . | ‡a9781416955306 | |
| 020 | . | ‡a1416955305 | |
| 035 | . | ‡a(OCoLC)180756507 | |
| 100 | 1 | . | ‡aKeene, Carolyn. ‡0(LARL_NWRL_CONSORTIUM)58935 |
| 245 | 1 | 0. | ‡aPerfect cover ‡n#31/ Carolyn Keene. |
| 250 | . | ‡a1st Aladdin Paperbacks ed. | |
| 260 | . | ‡aNew York : ‡bAladdin Paperbacks, ‡c2008. | |
| 300 | . | ‡a146 p. ; ‡c20 cm. | |
| 490 | 0 | . | ‡aNancy Drew, girl detective ; ‡v31 |
| 520 | . | ‡aGeorge, Bess, and Nancy continue their investigation of the Miss Pretty Face Beauty Pageant in New York City. | |
| 650 | 1. | ‡aDrew, Nancy (Fictitious character) ‡vFiction. | |
| 650 | 0. | ‡aDrew, Nancy (Fictitious character) ‡vJuvenile fiction. ‡0(LARL_NWRL_CONSORTIUM)172010 | |
| 650 | 1. | ‡aFriendship ‡vFiction. ‡0(LARL_NWRL_CONSORTIUM)164944 | |
| 655 | 7. | ‡aMystery fiction. ‡2gsafd | |
| 901 | . | ‡a94144 ‡bOCLC ‡c94144 ‡tbiblio | |

Add to basket
Permalink
Disable Highlighting